Normal view
MARC view
- Norhaslinda Zakariya
Entry Personal Name
001 - CONTROL NUMBER
- control field: 6016
003 - CONTROL NUMBER IDENTIFIER
- control field: OSt
005 - DATE AND TIME OF LATEST TRANSACTION
- control field: 20170518123345.0
008 - FIXED-LENGTH DATA ELEMENTS
- fixed length control field: 170518|| aca||aabn | a|a d
040 ## - CATALOGING SOURCE
- Original cataloging agency: OSt
- Transcribing agency: OSt
100 ## - HEADING--PERSONAL NAME
- Personal name: Norhaslinda Zakariya
670 ## - SOURCE DATA FOUND
- Source citation: Work cat.: (OSt)0: Norhaslinda Zakariya, Impact of non-audit services on auditor independence :, 2007

PORTAL AKMAL
E-MEL JKDM
AKMAL2U
G-BAM
u-PUSTAKA